000 00498nam a2200193Ia 4500
003 OSt
005 20240610093717.0
008 210210b1937 xxu||||| |||| 00| 0 eng d
040 _cAL
041 _aHindi
082 _a861/48
100 _aGUPTA (Maithlisharan)
_dमैथिलीशरण गुप्त
_9169785
245 _aAsvad
_bअस्वाद
260 _aVardha
_b-
_c1937
650 _aAsvAd
_9169786
690 _aHindi Poetry
_9169787
906 _a023069
942 _2ddc
_cBK
999 _c147956
_d147956